Paschalne poslanja Svjaščennoho Sinodu Pravoslavnoj cer'kvy v čes'kych zemljach i Slovakiji ; Dorotej, Nykolaj, Ioan, Christofor

Bibliographic Details
Main Authors: Dorotej (Author), Nykolaj (Author), Ioan (Author), Christofor (Author)
Format: Article
Language:Ukrainian
Subjects:

MARC

LEADER 00000nab a2200000 a 4500
001 vtls000637794
003 SK-MaSNL
005 20260318125024.0
008 160401c1997 xo 0 ukr
015 |a SNBRB19rr/mm-uuuuu 
035 |a CL0637933 
040 |a SNKBUCL  |b slo  |c SNKBUCL  |e AACR2 
041 0 |a ukr 
044 |a xo  |c SK 
080 |a 281.93:264-041.6:262.6  |2 1981 
080 |a 264-041.6  |2 1981 
080 |a 262.6  |2 1981 
245 0 0 |a Paschalne poslanja Svjaščennoho Sinodu Pravoslavnoj cer'kvy v čes'kych zemljach i Slovakiji ; Dorotej, Nykolaj, Ioan, Christofor 
650 0 7 |a pravoslávne cirkvi  |2 snkbucl  |9 84045 
650 0 7 |a Veľká noc  |2 snkbucl  |9 3414 
655 7 |a články z novín a časopisov  |2 snkbucl  |9 267496 
700 1 |a Dorotej  |4 aut  |9 897144 
700 1 |a Nykolaj  |4 aut  |9 1264873 
700 1 |a Ioan  |4 aut  |9 1264872 
700 1 |a Christofor  |4 aut  |9 1302421 
773 0 |t Narodny novynky  |g Roč. 7, č. 15-16 (1997) 
850 |a Slovenská národná knižnica v Martine  |a POA001 
852 |a SNK  |b KIS3GCP 
958 |a RN 
958 |a SK 
958 |a RK 
958 |a RBX 
999 |c 2613721  |d 2615651